| 000 | 00897nmm a2200277 a 4500 | ||
|---|---|---|---|
| 001 | ocm0001512288 | ||
| 003 | TR-IsHL | ||
| 005 | 20201028165206.0 | ||
| 008 | 160220s2015 tu tur | ||
| 007 | cr cn | ||
| 020 | _a9786059129022 | ||
| 035 |
_a1512288 _b(N$T) |
||
| 050 | 0 | 4 |
_aTK7887.7 _b.D46 2015 |
| 090 | 0 | 4 |
_aTK7887.7 _b.D46 2015 |
| 100 | 1 | _aDemirbaş, Yavuz Kerem | |
| 245 | 1 | 0 |
_aUygulamalı 3 boyutlu yazıcı: yapımı ve kullanımı _h[electronic resource] / _cYavuz Kerem Demirbaş ; Bora Arlı |
| 260 |
_aİstanbul : _bAbaküs Yayınları, _c2015 |
||
| 300 | _a274 p. | ||
| 650 | 4 | _aBilgisayar | |
| 650 | 4 | _aComputer Sciences | |
| 650 | 0 | _a3 Boyutlu yazıcılar | |
| 650 | 0 | _a3D printers | |
| 650 | 7 |
_aCOMPUTERS / General _2bisacsh |
|
| 700 | 1 | _aArlı, Bora | |
| 856 | 4 | 0 | _uhttp://search.ebscohost.com/login.aspx?direct=true&scope=site&db=e011xww&AN=1512288 |
| 999 |
_c15810 _d15810 |
||